Piłkarze którzy grali zarówno w Interze i Milanie - Statystyki

Ogólne statystyki
  • Ten quiz został rozwiązany 139 razy
    61 od ostatniego zresetowania
  • Średni wynik to 3 z 11
Statystyki odpowiedzi
Piłkarz % Poprawnych
Ronaldo
74%
Zlatan Ibrahimović
74%
Andrea Pirlo
49%
Hakan Calhanoglu
35%
Clarence Seedorf
28%
Leonardo Bonucci
23%
Mario Balotelli
18%
Roberto Baggio
14%
Hernan Crespo
12%
Giuseppe Meazza
5%
Francesco Acerbi
4%
Nie znaleziono quizów pasujących do podanych kryteriów
Rozkład punktacji
Procent ludzi z każdym wynikiem
Percentyl według liczby udzielonych odpowiedzi
Twoja historia wyników
Nie rozwiązałeś tego quizu od ostatniego zresetowania